Statistics for Main Friends Characters and Actors

Click here to take the quiz!

General Stats

  • This quiz has been taken 43,039 times
  • The average score is 11 of 12

Answer Stats

Answer% Correct
Chandler Bing
97%
Joey Tribbiani
97%
Monica Geller
97%
Phoebe Buffay
97%
Rachel Green
97%
Ross Geller
97%
Jennifer Aniston
95%
Courteney Cox
84%
David Schwimmer
83%
Matt LeBlanc
83%
Matthew Perry
82%
Lisa Kudrow
77%

Score Distribution

Percentile by Number Answered

Percent of People with Each Score

Your Score History

You have not taken this quiz